| 000 | 00831nam a22001577a 4500 | ||
|---|---|---|---|
| 003 | OSt | ||
| 005 | 20160627104557.0 | ||
| 008 | 160627b xxu||||| |||| 00| 0 eng d | ||
| 040 | _cRUA | ||
| 082 | _aVEM SOR 2015 B481 Or.1 | ||
| 100 |
_98503 _aSORN PHEAROT; សន ភារុណ |
||
| 245 | _aEffective of surmox-col forte and vet-moxcolon diarrhea of avian-broiler in sok nak's farm at somrongtong district, kompongspeu province, ប្រសិទ្ធភាពឱសថ surmox-col forte និង vet-moxcol ទៅលើជំងឺរាកមាន់សាច់នៅក្នុងកសិដ្ឋានរបស់លោក សុខ ណាក់ ស្រុកសំរោងទង ខេត្តកំពង់ស្ពឺ | ||
| 260 |
_aPhnom Penh _bRUA _c2015 |
||
| 300 |
_ax,46p. _bill. _c29cm. |
||
| 942 |
_2ddc _cVEM |
||
| 999 |
_c8151 _d8151 |
||